00510nam a22001577a 450000500170000001000150001702000310003203500140006303700090007708200120008624501020009826000300020027000690023030000210029970000320032020220107105511.0 aENG-131008 a978-93-90232-33-8c1595.00 aEN-114540 bDBAD a294.594 aYajnavalkya Dharmasastra:bThe Textual History of a Hindu Legal Code/cEdited by Patrick Olivelle aDelhibPrimus Booksc2020 bDelhie110009aVirat Bhavan, Mukherjee Nagar, Commercial Complex a448p.c25cm(hbk) aEdited by Olivelle, Patrick